Outkast - Aquemini tracklist - Statistics

General Stats
  • This quiz has been taken 24 times
  • The average score is 10 of 16
Answer Stats
# Answer % Correct
5. Aquemini
88%
9. Da Art of Storytellin' (Pt.1)
82%
10. Da Art of Storytellin' (Pt.2)
82%
3. Rosa Parks
82%
2. Return of the 'G'
65%
16. Chonkyfire
59%
15. Liberation
59%
11. Mamacita
59%
6. Synthesizer
59%
7. Slump
53%
12. SpottieOttieDopaliscious
53%
1. Hold On, Be Strong
47%
14. Nathaniel
47%
4. Skew It on the Bar-B
41%
8. West Savannah
41%
13. Y'all Scared
41%
No matching quizzes found
Score Distribution
Percent of People with Each Score
Percentile by Number Answered
Your Score History
You have not taken this quiz